000 00712nam a2200229 a 4500
001 000032835
005 20251107110523.0
008 110325s1960 dr r 000 0 spa d
040 _aDO-SdBNP
_bspa
_cBNPHU
082 _a028.9
_bH694d
100 1 _aHoepelman, Virgilio
_911257
245 1 0 _aDe libro en libro /
_cVirgilio Hoepelman.
260 _aSanto Domingo :
_bImp. Benemerita,
_c1960.
300 _a38 p. ;
_c23 cm.
490 1 _aDe libro en libro
590 _aInventariado, 2018/MFF
650 0 _aPromoción de la lectura
_97321
650 0 _aLibros y lectura
_91512
650 4 _aLiteratura
_xColecciones
_940253
830 0 _aDe libro en libro
_958632
910 _aValidado. Control de calidad. EMS
999 _c32326
_d32326